GRANDE STRADA AZZURRA (LA) (Record n. 105328)
[ formato base ]
| 000 -LEADER | |
|---|---|
| fixed length control field | 01782agaaa2200337 4500 |
| 001 - CONTROL NUMBER | |
| control field | 6210 |
| 003 - CONTROL NUMBER IDENTIFIER | |
| control field | IT-RoPAU |
| 005 - DATE AND TIME OF LATEST TRANSACTION | |
| control field | 20220918181231.0 |
| 007 - PHYSICAL DESCRIPTION FIXED FIELD--GENERAL INFORMATION | |
| fixed length control field | d cvaizq |
| 008 - FIXED-LENGTH DATA ELEMENTS--GENERAL INFORMATION | |
| fixed length control field | 50131s9999||||xx ||| | || ||und|| |
| 040 ## - CATALOGING SOURCE | |
| Original cataloging agency | IT-RoPAU |
| Transcribing agency | IT-RoPAU |
| 041 ## - LANGUAGE CODE | |
| Language code of text/sound track or separate title | ITALIANO |
| 100 ## - MAIN ENTRY--PERSONAL NAME | |
| Personal name | Pontecorvo Gillo |
| Miscellaneous information | Codice regista SPICS: 2421 |
| 9 (RLIN) | 40779 |
| 130 ## - MAIN ENTRY--UNIFORM TITLE | |
| Uniform title | GRANDE STRADA AZZURRA (LA) |
| 9 (RLIN) | 40780 |
| 240 ## - UNIFORM TITLE | |
| Uniform title | SQUARCIO' |
| Miscellaneous information | T1839 |
| 245 ## - TITLE STATEMENT | |
| Title | GRANDE STRADA AZZURRA (LA) |
| Statement of responsibility, etc. | Prodotto da: Malenotti Maleno -- Sceneggiatura: Solinas Franco De Concini Ennio Pontecorvo Gillo -- Diretto da: Pontecorvo Gillo |
| Name of part/section of a work | GRANDE STRADA AZZURRA (LA) (Rif. Codice opera principale : 26210) |
| 246 ## - VARYING FORM OF TITLE | |
| Title proper/short title | SQUARCIO' |
| 250 ## - EDITION STATEMENT | |
| Edition statement | Edizione Standard |
| 260 ## - PUBLICATION, DISTRIBUTION, ETC. (IMPRINT) | |
| Place of publication, distribution, etc. | ROMA - PARIGI - MONACO (ITALIA-FRANCIA) |
| Name of publisher, distributor, etc. | GE.S.L. - PLAY ART - EICHBERG / Distribuzione: RAI |
| Date of manufacture | "1957 (1° ed.: 1984 ; Ed. Lingua Orig.: 1957)" |
| 300 ## - PHYSICAL DESCRIPTION | |
| Extent | VHS |
| Other physical details | sonoro, col. |
| Dimensions | 95 minuti |
| 508 ## - CREATION/PRODUCTION CREDITS NOTE | |
| Creation/production credits note | "Fotografia: Montuori Mario; Montaggio: Da Roma Eraldo; Musica: Franci Carlo; Sceneggiatura: Solinas Franco De Concini Ennio Pontecorvo Gillo; Scenografia: Gherardi Piero; " |
| 511 ## - PARTICIPANT OR PERFORMER NOTE | |
| Participant or performer note | "Rabal Francisco; Girotti Mario; Ranchi Federica; Carsten Peter; Valli Alida; Montand" |
| 520 ## - SUMMARY, ETC. | |
| Summary, etc. | TRA I POVERI PESCATORI DELL'ARCIPELAGO SQUARCIO' CHE PRATICA ABUSIVAMENTE LA PESCA CON BOMBE ESPLOSIVE E' L'UNICO CHE GODA DI UNA CERTA AGIATEZZA PESCA ABUSIVA AMORE DRAMMATICO |
| 538 ## - SYSTEM DETAILS NOTE | |
| System details note | PAL, STEREO |
| 546 ## - LANGUAGE NOTE | |
| Language note | ITALIANO |
| 650 ## - SUBJECT ADDED ENTRY--TOPICAL TERM | |
| Topical term or geographic name as entry element | DRAMMATICO |
| Relator term | FILMS [VHS] |
| General subdivision | Codice MATERIA SPICS: 9960 |
| 9 (RLIN) | 34083 |
| 700 ## - ADDED ENTRY--PERSONAL NAME | |
| Personal name | Franci Carlo |
| Relator term | (musica) |
| Miscellaneous information | Codice Musica SPICS: 30955 |
| 9 (RLIN) | 40781 |
| 700 ## - ADDED ENTRY--PERSONAL NAME | |
| Personal name | Pontecorvo Gillo |
| Relator term | (regista) |
| Miscellaneous information | Codice regista SPICS: 2421 |
| 9 (RLIN) | 40782 |
| 700 ## - ADDED ENTRY--PERSONAL NAME | |
| Personal name | Solinas Franco |
| Relator term | (soggetto) |
| Miscellaneous information | Codice Soggetto SPICS: 1140 |
| 9 (RLIN) | 40783 |
| 942 ## - ADDED ENTRY ELEMENTS (KOHA) | |
| Koha item type | VHS - VIDEO |
| Source of classification or shelving scheme | Dewey Decimal Classification |
| Withdrawn status | Lost status | Damaged status | Not for loan | Home library | Current library | Date acquired | Total Checkouts | Full call number | Date last seen | Price effective from | Koha item type | Public note |
|---|---|---|---|---|---|---|---|---|---|---|---|---|
| Buone Condizioni | Not For Loan | SPICS-MEDIATECA | SPICS-MEDIATECA | 31/01/2015 | 26210 | 31/01/2015 | 31/01/2015 | VHS - VIDEO | Progr. Ins.: 1626 / N.Vol.:1 / Copie: 1 / Pag.: / Copia rara: NO / date import: 1.2.2015 / By Epidotti, Trombetti, Vaglietti |